Small business management and entrepreneurship (Record no. 8320)

MARC details
000 -LEADER
fixed length control field 01284nam a22002057a 4500
020 ## - INTERNATIONAL STANDARD BOOK NUMBER
ISBN 9781473773899
050 ## - CALL NUMBER
Classification number HD62.7
Item number .St6
100 ## - AUTHOR
Personal name Stokes, David
245 ## - TITLE
Title Small business management and entrepreneurship
Statement of responsibility, etc David Stokes & Nick Wilson
260 ## - PUBLICATION INFORMATION
Place of publication Australia,
Name of publisher Cengage Learning
Year of publication 2021
300 ## - DESCRIPTION
Number of Pages xv, 509p.:
Other physical details ill.
Dimensions 24cm.
500 ## - NOTES
General note includes index.
505 ## - FORMATTED CONTENTS NOTE
Table of Content Part 1: Understanding small business and entrepreneurship<br/>1. Small business in the economy<br/>2. Entrepreneurship, the entrepreneur and the owner-manager<br/>3. The small business and entrepreneurial environment<br/>4. Innovation and the marketplace<br/>5. Information and help<br/>Part 2: Creating the entrepreneurial small business<br/>6. Business planning<br/>7. Successful small business strategies<br/>8. Start-ups and franchises<br/>9. Buying an existing business<br/>10. Forming and protecting a business<br/>Part 3: Managing the entrepreneurial small business<br/>11. Management of people and resources<br/>12. Marketing<br/>13. Money matters for small business<br/>14. Business exits and realizing value
650 ## - SUBJECTS
Topical Term Entrepreneurship
650 ## - SUBJECTS
Topical Term New business enterprises Management
650 ## - SUBJECTS
Topical Term Nouvelles entreprises Gestion
650 ## - SUBJECTS
Topical Term Petites et moyennes entreprises Gestion
700 ## - OTHER AUTHORS
Personal name Nick Wilson
942 ## - ADDED ENTRY ELEMENTS (KOHA)
Koha item type Books
Holdings
Withdrawn status Lost status Collection code Home library Current library Shelving location Date acquired Full call number Accession Number Koha item type
    Reference Methodist University Library Main Methodist University Library Main General Stacks   HD62.7 .St6 8675 Books
    Reference Methodist University Library Main Methodist University Library Main General Stacks   HD62.7 .St6 8676 Books
Copyright © 2026  MUG Library